书目信息 |
| 题名: |
经济学笔谭
|
|
| 作者: | 王东京 著 | |
| 分册: | ||
| 出版信息: | 北京 中共中央党校出版社 2005 |
|
| 页数: | 322页 | |
| 开本: | 23cm | |
| 丛书名: | ||
| 单 册: | ||
| 中图分类: | F0-49 | |
| 科图分类: | ||
| 主题词: | 经济学--普及读物 | |
| 电子资源: | ||
| ISBN: | 7-5035-3120-7 | |
| 000 | 00712nam0 2200217 450 | |
| 001 | TS-192199 | |
| 005 | 20061228094959.62 | |
| 010 | @a7-5035-3120-7@dCNY38.00 | |
| 100 | @a20060829d2005 em y0chiy0110 ea | |
| 101 | 0 | @achi |
| 102 | @aCN@b110000 | |
| 105 | @ay z 000yy | |
| 200 | 1 | @a经济学笔谭@Ajing ji xue bi tan@f王东京著@FWang Dong Jing Zhu |
| 210 | @a北京@c中共中央党校出版社@d2005 | |
| 215 | @a322页@d23cm | |
| 330 | @a本书旨在为读者提供一把开启经济学大门的钥匙。全书分“经典引读”、“领悟大师”、“经世济民”、“他山为鉴”四大篇。 | |
| 606 | 0 | @a经济学@y普及读物 |
| 690 | @aF0-49@v4 | |
| 701 | 0 | @a王东京@Awang dong jing@f(1959~)@4著 |
| 801 | 0 | @aCN@b中图数据@c20061228 |
| 905 | @a10447@dF0-49@e264 | |
| 经济学笔谭/王东京著.-北京:中共中央党校出版社,2005 |
| 322页;23cm |
| ISBN 7-5035-3120-7:CNY38.00 |
| 本书旨在为读者提供一把开启经济学大门的钥匙。全书分“经典引读”、“领悟大师”、“经世济民”、“他山为鉴”四大篇。 |
| ● |
| 相关链接 |
|
|
|
|
正题名:经济学笔谭
索取号:F0-49/264
 
预约/预借
| 序号 | 登录号 | 条形码 | 馆藏地/架位号 | 状态 | 备注 |
| 1 | 0613808 | 206138080 | 第一样本阅览室/ [索取号:F0-49/264] | 在馆 | |
| 2 | 0613809 | 206138099 | 第一借阅区/ [索取号:F0-49/264] | 在馆 | |
| 3 | 0613810 | 206138106 | 第一借阅区/ [索取号:F0-49/264] | 在馆 |